Statistics for Countries in the World Quiz #1

Click here to take the quiz!

General Stats

  • This quiz has been taken 50 times
  • The average score is 13 of 20

Answer Stats

HintAnswer% Correct
Birthplace of democracyGreece
95%
Most Hindu followersIndia
93%
North Island and South Island are the largest islandsNew Zealand
93%
Transylvania is a region in this countryRomania
93%
Galapagos Islands are a part of this countryEcuador
90%
Tsunami in 2011Japan
88%
Bordering with Poland, Slovakia, Austria and GermanyCzech Republic
85%
The singer Rihanna was born in this countryBarbados
80%
It previous name was British HondurasBelize
78%
The longest coastline on Africa’s mainlandSomalia
75%
Dodo Birds used to live in this countryMauritius
70%
Won first FIFA World CupUruguay
70%
Known for MerlionSingapore
68%
Its capital city is N'DjamenaChad
65%
Gained independence in 2002East Timor
55%
Smallest Asian countryMaldives
53%
World's largest religious monumentCambodia
30%
World's longest road tunnelNorway
25%
It is a group of 9 tiny islandsTuvalu
25%
It has 16 official languagesZimbabwe
15%

Score Distribution

Percentile by Number Answered

Percent of People with Each Score

Your Score History

You have not taken this quiz